| 000 -LEADER |
| fixed length control field |
01550 a2200277 4500 |
| 003 - CONTROL NUMBER IDENTIFIER |
| control field |
Nust |
| 005 - DATE AND TIME OF LATEST TRANSACTION |
| control field |
20221124125758.0 |
| 010 ## - LIBRARY OF CONGRESS CONTROL NUMBER |
| LC control number |
2004559773 |
| 020 ## - INTERNATIONAL STANDARD BOOK NUMBER |
| International Standard Book Number |
0071403272 |
| 035 ## - SYSTEM CONTROL NUMBER |
| System control number |
(OCoLC)ocm51966345 |
| 040 ## - CATALOGING SOURCE |
| Transcribing agency |
Nust |
| 082 00 - DEWEY DECIMAL CLASSIFICATION NUMBER |
| Classification number |
516.24, AYR |
| 100 1# - MAIN ENTRY--PERSONAL NAME |
| Personal name |
Ayres, Frank, |
| 9 (RLIN) |
8744 |
| 245 10 - TITLE STATEMENT |
| Title |
Schaum's outline of theory and problems of plane and Spherical Trigonometry |
| Statement of responsibility, etc. |
Frank Ayres, Jr., Lloyd R. Jaisingh. |
| 246 ## - VARYING FORM OF TITLE |
| Title proper/short title |
Abstract algebra |
| 246 ## - VARYING FORM OF TITLE |
| Title proper/short title |
theory and problems of abstract algebra |
| 260 ## - PUBLICATION, DISTRIBUTION, ETC. |
| Place of publication, distribution, etc. |
New York : |
| Name of publisher, distributor, etc. |
McGraw-Hill, |
| Date of publication, distribution, etc. |
1954 |
| 300 ## - PHYSICAL DESCRIPTION |
| Extent |
xiii, 206 p. : |
| Other physical details |
ill. ; |
| Dimensions |
28 cm. |
| 490 0# - SERIES STATEMENT |
| Series statement |
Schaum's outline series |
| 505 ## - FORMATTED CONTENTS NOTE |
| Formatted contents note |
Angles And Arc Length (Page-1), Trigonometric Functions Of A General Angle (Page-8), Practical Applications (Page-32), Logarithms (Page-41), Logarithmic Solution Of Right Triangles (Page-49), Fundamental Relations And Identities (Page-68), Trigonometric Functions Of Two Angles (Page-74), Inverse Trigonometric Functions (Page-118), Trigonometric Equations (Page-125), Complex Numbers (Page-134), Topics From Solid Geometry (Page-146), Right Spherical Triangles (Page-155), Oblique Spherical Triangles (Page-168), Course And Distance (Page-188), The Celestial Sphere (Page-199). |
| 650 #0 - SUBJECT ADDED ENTRY--TOPICAL TERM |
| Topical term or geographic name entry element |
Algebra, Abstract. |
| 700 1# - ADDED ENTRY--PERSONAL NAME |
| Personal name |
Jaisingh, Lloyd R. |
| 9 (RLIN) |
102526 |
| 856 42 - ELECTRONIC LOCATION AND ACCESS |
| Materials specified |
Contributor biographical information |
| Uniform Resource Identifier |
<a href="http://www.loc.gov/catdir/enhancements/fy0621/2004559773-b.html">http://www.loc.gov/catdir/enhancements/fy0621/2004559773-b.html</a> |
| 856 42 - ELECTRONIC LOCATION AND ACCESS |
| Materials specified |
Publisher description |
| Uniform Resource Identifier |
<a href="http://www.loc.gov/catdir/enhancements/fy0621/2004559773-d.html">http://www.loc.gov/catdir/enhancements/fy0621/2004559773-d.html</a> |
| 942 ## - ADDED ENTRY ELEMENTS (KOHA) |
| Source of classification or shelving scheme |
|
| Koha item type |
Book |